Основы технологии машиностроения: учебное пособие
| Autor principal: | |
|---|---|
| Autor Corporativo: | |
| Sumario: | Заглавие с титульного экрана Электронная версия печатной публикации На англ. яз. The book presents theoretical foundations of mechanical engineering, examines planning of the manufacturing and assembly processes, the review questions are given in the end of the chapters. The book is prepared by the Automated Mechanical Manufacturing Engineering of Tomsk Polytechnic University and it is intended for English-speaking students following the Bachelor Degree Program in Mechanical Engineering Текстовый файл AM_TPU_network |
| Lenguaje: | inglés |
| Publicado: |
Томск, Изд-во ТПУ, 2014
|
| Materias: | |
| Acceso en línea: | http://www.lib.tpu.ru/fulltext2/m/2014/m255.pdf |
| Formato: | MixedMaterials Electrónico Libro |
| KOHA link: | https://koha.lib.tpu.ru/cgi-bin/koha/opac-detail.pl?biblionumber=267574 |
MARC
| LEADER | 00000nam0a2200000 4500 | ||
|---|---|---|---|
| 001 | 267574 | ||
| 005 | 20260407122646.0 | ||
| 035 | |a (RuTPU)RU\TPU\book\290631 | ||
| 090 | |a 267574 | ||
| 100 | |a 20140731d2014 m y0rusy50 ca | ||
| 101 | 0 | |a eng | |
| 102 | |a RU | ||
| 105 | |a a j 001zy | ||
| 135 | |a drcn ---uucaa | ||
| 181 | 0 | |a i |b e | |
| 182 | 0 | |a b | |
| 183 | 0 | |a cr |2 RDAcarrier | |
| 200 | 1 | |a Основы технологии машиностроения |d Fundamentals of Mechanical Engineering |e учебное пособие |f В. Ф. Скворцов |g Национальный исследовательский Томский политехнический университет (ТПУ) | |
| 203 | |a Текст |c электронный |b визуальный | ||
| 210 | |a Томск |c Изд-во ТПУ |d 2014 | ||
| 283 | |a online_resource |2 RDAcarrier | ||
| 300 | |a Заглавие с титульного экрана | ||
| 300 | |a Электронная версия печатной публикации | ||
| 300 | |a На англ. яз. | ||
| 330 | |a The book presents theoretical foundations of mechanical engineering, examines planning of the manufacturing and assembly processes, the review questions are given in the end of the chapters. The book is prepared by the Automated Mechanical Manufacturing Engineering of Tomsk Polytechnic University and it is intended for English-speaking students following the Bachelor Degree Program in Mechanical Engineering | ||
| 336 | |a Текстовый файл | ||
| 371 | 0 | |a AM_TPU_network | |
| 452 | 1 | |0 (RuTPU)RU\TPU\book\283489 |t Основы технологии машиностроения |l Fundamentals of Mechanical Engineering |o учебное пособие |f В. Ф. Скворцов |g Национальный исследовательский Томский политехнический университет (ТПУ) |c Томск |n Изд-во ТПУ |d 2014 |p 223 с. |a Скворцов, Владимир Федорович | |
| 510 | 1 | |a Fundamentals of Mechanical Engineering |z eng | |
| 606 | 1 | |a Технология машиностроения |2 stltpush |3 (RuTPU)RU\TPU\subj\60151 |9 77640 | |
| 610 | 1 | |a электронный ресурс | |
| 610 | 1 | |a учебные пособия | |
| 610 | 1 | |a труды учёных ТПУ | |
| 610 | 1 | |a машиностроительное производство | |
| 610 | 1 | |a понятия | |
| 610 | 1 | |a определения | |
| 610 | 1 | |a теория вероятностей | |
| 610 | 1 | |a математическая статистика | |
| 610 | 1 | |a размерные цепи | |
| 610 | 1 | |a базирование | |
| 610 | 1 | |a детали | |
| 610 | 1 | |a точность | |
| 610 | 1 | |a материалы | |
| 610 | 1 | |a технологическое обеспечение | |
| 610 | 1 | |a свойства | |
| 610 | 1 | |a изготовление | |
| 610 | 1 | |a технико-экономическая эффективность | |
| 610 | 1 | |a технологические процессы | |
| 610 | 1 | |a сборка | |
| 610 | 1 | |a технология | |
| 610 | 1 | |a машиностроение | |
| 675 | |a 621.002(075.8) |v 3 | ||
| 700 | 1 | |a Скворцов |b В. Ф. |c специалист в области машиностроения |c доцент Томского политехнического университета, кандидат технических наук |f 1947- |g Владимир Федорович |3 (RuTPU)RU\TPU\pers\25590 |9 11520 | |
| 712 | 0 | 2 | |a Национальный исследовательский Томский политехнический университет (ТПУ) |b Институт кибернетики (ИК) |b Кафедра технологии автоматизированного машиностроительного производства (ТАМП) |3 (RuTPU)RU\TPU\col\18705 |
| 801 | 1 | |a RU |b 63413507 |c 20130425 | |
| 801 | 2 | |a RU |b 63413507 |c 20160617 |g RCR | |
| 856 | 4 | 0 | |u http://www.lib.tpu.ru/fulltext2/m/2014/m255.pdf |z http://www.lib.tpu.ru/fulltext2/m/2014/m255.pdf |
| 942 | |c CF | ||